KOHA-Header-6

Electric Machinery Fundamentals (Record no. 1489)

000 -LEADER
fixed length control field 00400nam a2200169Ia 4500
003 - CONTROL NUMBER IDENTIFIER
control field OSt
005 - DATE AND TIME OF LATEST TRANSACTION
control field 20190928141951.0
008 - FIXED-LENGTH DATA ELEMENTS--GENERAL INFORMATION
fixed length control field 190723s9999 xx 000 0 und d
020 ## - INTERNATIONAL STANDARD BOOK NUMBER
International Standard Book Number 978-0-07-107052-2
040 ## - CATALOGING SOURCE
Transcribing agency MAJU
100 ## - MAIN ENTRY--PERSONAL NAME
Personal name Stephen J.Chapman
245 #0 - TITLE STATEMENT
Title Electric Machinery Fundamentals
250 ## - EDITION STATEMENT
Edition statement 4th
260 ## - PUBLICATION, DISTRIBUTION, ETC. (IMPRINT)
Place of publication, distribution, etc India
Name of publisher, distributor, etc McGraw Hill
Date of publication, distribution, etc 2015
300 ## - PHYSICAL DESCRIPTION
Extent 746:p
942 ## - ADDED ENTRY ELEMENTS (KOHA)
Koha item type Books
Source of classification or shelving scheme
Holdings
Withdrawn status Lost status Damaged status Not for loan Collection code Permanent Location Current Location Shelving location Date acquired Total Checkouts Full call number Barcode Date last seen Date checked out Price effective from Koha item type
      Not For Loan Electrical Engineering MAJU MAJU   2019-07-23 1 621.31 8112 2022-05-25 2019-09-25 2019-07-23 Electrical Engineering

Powered by Koha